000 00534nam a22002057a 4500
999 _c7760
_d7760
001 7760
003 BD-JhCC
005 20180222133154.0
008 180213s1968 uk |||| |||| 000 0 eng d
035 _a(BD-JhCC)
040 _aBD-JhCC
_dBD-JhCC
041 _aeng
082 _a574
_bSCH 1968
100 _aSchonberger, Clinton F.
245 _aLaboratory Manual of General Biology /
_cClinton F. Schonberger
260 _aLondon:
_bW. B. Saunders Company;
_c1968
300 _a375 p;,
_c26 cm
650 _aBiology
942 _2ddc
_cBK